000 00247nam a2200109Ia 4500
008 200302s9999 xx 000 0 und d
100 _aJohn Berger
245 _aDurer
260 _bBenedikt Taschien Verlag Gmbh
260 _c1994
300 _a95 P.,
999 _c2347
_d2347